English Counties by Population Quiz Stats

Quiz not verified by Sporcle

Challenge
Share
Tweet
Score 0/48 Timer 10:00
0 Plays Today
Population County % Correct
7,611,900Greater London
98.5%
2,573,500Greater Manchester
88%
2,619,500West Midlands
87.5%
1,712,200Essex
82.3%
1,660,100Kent
81.6%
2,200,500West Yorkshire
78.3%
1,720,600Hampshire
77%
1,451,700Lancashire
76.1%
1,093,400Tyne and Wear
73.3%
1,141,600Devon
72.4%
1,305,900South Yorkshire
72%
1,347,800Merseyside
67.8%
1,068,900Nottinghamshire
67%
1,073,200North Yorkshire
66.5%
940,500Leicestershire
65%
1,109,700Surrey
64.1%
1,078,400Hertfordshire
63.9%
1,001,500Derbyshire
62.6%
1,069,000Staffordshire
60.4%
1,016,600Lincolnshire
60.4%
892,600County Durham
58.6%
639,700Oxfordshire
57.8%
840,200Gloucestershire
57.5%
836,300Berkshire
56.7%
Population County % Correct
766,400East Sussex
56.2%
781,600West Sussex
55.1%
912,900Somerset
54.3%
850,800Norfolk
53.8%
710,500Dorset
53.8%
39,200Rutland
53.4%
1,006,100Cheshire
52.3%
496,600Cumbria
51.9%
769,100Cambridgeshire
51.4%
725,400Buckinghamshire
51.4%
715,700Suffolk
49%
140,200Isle of Wight
49%
534,300Cornwall
47.7%
685,000Northamptonshire
47.5%
179,300Herefordshire
47.5%
557,600Worcestershire
46.6%
648,400Wiltshire
46.2%
602,500Bedfordshire
43.8%
530,500Warwickshire
43.5%
311,000Northumberland
42.9%
454,900Shropshire
41.6%
593,700East Riding of Yorkshire
39.2%
7,900City of London
38.5%
421,300Bristol
36.5%

You're not logged in!

Compare scores with friends on all Sporcle quizzes.
Sign Up with Email
OR
Log In

You Might Also Like...

Show Comments

Extras

Top Quizzes Today


Score Distribution

Your Account Isn't Verified!

In order to create a playlist on Sporcle, you need to verify the email address you used during registration. Go to your Sporcle Settings to finish the process.